Trouver les intrus en 60 secondes #10 - Statistiques

Statistiques générales
  • Ce quiz a été pris 580 fois
  • Le résultat moyen est 4 sur 6
Statistiques - réponses
Réponse % Correct
Chanteurs américains (États-Unis)
99%
Sia
73%
Elton John
63%
Mick Jagger
58%
Drake
54%
Rihanna
52%
Aucun quiz correspondant
Distribution des résultats
% des personnes avec chaque résultat
Percentile par nombre de réponses
Votre historique - résultats
Vous n’avez pas pris ce quiz